[Event "Kiev-Lvov Region Blitz"]
[Site "Kiev"]
[Date "2021.09.15"]
[Round "8"]
[White "Hryvastov, Dmytro"]
[Black "Tulchynskyi, Feliks"]
[Result "0-1"]
[WhiteElo "1397"]
[BlackElo "2024"]
[PlyCount "78"]
[EventDate "2021.09.15"]
[EventType "team-match (blitz)"]
[EventRounds "8"]
[EventCountry "UKR"]
[SourceTitle "CBM 204 Extra"]
[Source "ChessBase"]
[SourceDate "2021.11.30"]
[SourceVersion "1"]
[SourceVersionDate "2021.11.30"]
[SourceQuality "1"]
[WhiteTeam "Lvov Region"]
[BlackTeam "Kiev Region"]
[WhiteTeamCountry "UKR"]
[BlackTeamCountry "UKR"]

1. e4 c5 2. c3 d5 3. exd5 Qxd5 4. d4 e6 5. Nf3 Nf6 6. Na3 cxd4 7. Nb5 Na6 8. Nbxd4 Be7 9. Bxa6 bxa6 10. 0-0 0-0 11. Bg5 Bb7 12. Qb3 h6 13. Bh4 Rac8 14. Rfd1 Ba8 15. Bxf6 Bxf6 16. Qxd5 Bxd5 17. Ne1 Rfd8 18. Nec2 a5 19. Ne3 Ba8 20. Nec2 g6 21. Nb3 a4 22. Nbd4 Rb8 23. b3 Rbc8 24. c4 Be4 25. Rac1 axb3 26. axb3 g5 27. f3 Bg6 28. Kf2 e5 29. Nf5 Bxf5 30. Ne3 Be6 31. Rxd8+ Rxd8 32. c5 Bxb3 33. Nf5 Be6 34. Nd6 Be7 35. Nb7 Rc8 36. c6 Bd5 37. Na5 Bb4 38. c7 Bxa5 39. Rc5 Bb6 0-1

[Event "Kiev-Lvov Region Blitz"]
[Site "Kiev"]
[Date "2021.09.15"]
[Round "3"]
[White "Niezhentsev, Kyrylo"]
[Black "Hryvastov, Dmytro"]
[Result "1-0"]
[WhiteElo "1721"]
[BlackElo "1397"]
[PlyCount "67"]
[EventDate "2021.09.15"]
[EventType "team-match (blitz)"]
[EventRounds "8"]
[EventCountry "UKR"]
[SourceTitle "CBM 204 Extra"]
[Source "ChessBase"]
[SourceDate "2021.11.30"]
[SourceVersion "1"]
[SourceVersionDate "2021.11.30"]
[SourceQuality "1"]
[WhiteTeam "Kiev Region"]
[BlackTeam "Lvov Region"]
[WhiteTeamCountry "UKR"]
[BlackTeamCountry "UKR"]

1. e4 c5 2. Nf3 Nc6 3. d4 cxd4 4. Nxd4 Nf6 5. Nc3 g6 6. Be3 Bg7 7. Nxc6 bxc6 8. e5 Ng8 9. Bd4 Bb7 10. Bc4 c5 11. Be3 Bxe5 12. 0-0 Bg7 13. Bxc5 Rc8 14. Bd5 Bxd5 15. Qxd5 e6 16. Qc4 Bxc3 17. Qxc3 Nf6 18. Qe5 Rg8 19. Bd4 Nd5 20. c3 d6 21. Qe4 Qg5 22. Rfe1 Kf8 23. Qf3 Qf4 24. Qh3 h5 25. Bxa7 Ra8 26. Be3 Qf6 27. Qg3 Rd8 28. Bg5 Qf5 29. Bxd8 e5 30. Rad1 Qe6 31. Qd3 Nf4 32. Qxd6+ Qxd6 33. Rxd6 Kg7 34. Bf6+ 1-0

[Event "Kiev-Lvov Region Blitz"]
[Site "Kiev"]
[Date "2021.09.15"]
[Round "5"]
[White "Tulchynskyi, Feliks"]
[Black "Hryvastov, Dmytro"]
[Result "1-0"]
[WhiteElo "2024"]
[BlackElo "1397"]
[PlyCount "103"]
[EventDate "2021.09.15"]
[EventType "team-match (blitz)"]
[EventRounds "8"]
[EventCountry "UKR"]
[SourceTitle "CBM 204 Extra"]
[Source "ChessBase"]
[SourceDate "2021.11.30"]
[SourceVersion "1"]
[SourceVersionDate "2021.11.30"]
[SourceQuality "1"]
[WhiteTeam "Kiev Region"]
[BlackTeam "Lvov Region"]
[WhiteTeamCountry "UKR"]
[BlackTeamCountry "UKR"]

1. d4 Nf6 2. g3 g6 3. Bg2 d5 4. Nf3 Bg7 5. 0-0 0-0 6. c4 c6 7. cxd5 cxd5 8. Nc3 Nc6 9. Ne5 Be6 10. Nxc6 bxc6 11. e3 Nd7 12. Ne2 Nb6 13. Bd2 Nc4 14. b3 Nxd2 15. Qxd2 c5 16. Rac1 cxd4 17. Nxd4 Rc8 18. Rfd1 Qb6 19. Ne2 Rxc1 20. Rxc1 Rd8 21. Nd4 Bxd4 22. Qxd4 Qxd4 23. exd4 Rc8 24. Rxc8+ Bxc8 25. Bxd5 e6 26. Bg2 Ba6 27. f4 Kf8 28. Kf2 Ke7 29. Ke3 Kd6 30. a4 Bc8 31. b4 a6 32. Kd3 Bd7 33. Bb7 Bxa4 34. Bxa6 Bd1 35. Bb7 Bg4 36. b5 Bh3 37. Bf3 Bf1+ 38. Be2 Bg2 39. Kc4 Bd5+ 40. Kb4 Kc7 41. Kc5 Kd7 42. b6 Bb7 43. Bb5+ Kc8 44. Kd6 Kd8 45. Bc6 Ba6 46. b7 Bxb7 47. Bxb7 Ke8 48. h4 Kf8 49. g4 Kg7 50. g5 h6 51. Ke7 h5 52. Bc6 1-0

[Event "Kiev-Lvov Region Rapid"]
[Site "Kiev"]
[Date "2021.09.14"]
[Round "3"]
[White "Hryvastov, Dmytro"]
[Black "Tulchynskyi, Feliks"]
[Result "0-1"]
[WhiteElo "1397"]
[BlackElo "2024"]
[PlyCount "58"]
[EventDate "2021.09.14"]
[EventType "team-match (rapid)"]
[EventRounds "4"]
[EventCountry "UKR"]
[SourceTitle "CBM 204 Extra"]
[Source "ChessBase"]
[SourceDate "2021.11.30"]
[SourceVersion "1"]
[SourceVersionDate "2021.11.30"]
[SourceQuality "1"]
[WhiteTeam "Lvov Region"]
[BlackTeam "Kiev Region"]
[WhiteTeamCountry "UKR"]
[BlackTeamCountry "UKR"]

1. e4 c6 2. d4 d5 3. e5 c5 4. dxc5 e6 5. a3 Bxc5 6. b4 Bb6 7. Nf3 Ne7 8. Bb2 Nd7 9. Nbd2 Ng6 10. h4 Qc7 11. Bb5 a6 12. Bxd7+ Bxd7 13. h5 Ne7 14. c4 0-0 15. Qc2 h6 16. c5 Ba7 17. g4 b6 18. g5 bxc5 19. gxh6 gxh6 20. Qc1 Nf5 21. Nh4 d4 22. Nxf5 exf5 23. Rg1+ Kh7 24. Bxd4 Rac8 25. bxc5 Bxc5 26. Bxc5 Qxe5+ 27. Kf1 Bb5+ 28. Nc4 Rxc5 29. Qe3 Bxc4+ 0-1